Countries with the Most Vacation Days - Statistics

General Stats
  • This quiz has been taken 87 times
  • The average score is 9 of 22
Answer Stats
Days Continent Country % Correct
36 Europe Spain
87%
36 Europe France
83%
35 Europe Portugal
82%
36 Europe Finland
68%
38 Europe Austria
59%
36 Europe Iceland
55%
36 Asia Bahrain
54%
35 Europe Luxembourg
50%
36 Europe Andorra
49%
38 Europe Malta
49%
43 Asia Kuwait
42%
35 Europe Slovakia
42%
39 Asia Georgia
35%
37 Asia Yemen
35%
38 Africa Mauritius
28%
37 Asia Syria
28%
42 Asia Cambodia
23%
35 Asia Afghanistan
22%
37 Africa Tanzania
21%
35 Africa Madagascar
18%
35 Africa Djibouti
10%
37 Africa Burkina Faso
5%
No matching quizzes found
Score Distribution
Percent of People with Each Score
Percentile by Number Answered
Your Score History
You have not taken this quiz